Statistics for NHL 2K Cover Stars

Click here to take the quiz!

General Stats

  • This quiz has been taken 6 times
  • The average score is 4 of 11

Answer Stats

HintAnswer% Correct
NHL 2K10Alex Ovechkin
100%
ESPN NHL 2K5Martin St.Louis
83%
NHL 2K9Rick Nash
50%
NHL 2K7Joe Thornton
33%
NHL 2K6Marty Turco
33%
NHL 2KBrendan Shanahan
17%
NHL 2K2Chris Drury
17%
NHL 2K3Jeremy Roenick
17%
ESPN NHL 2K4Jeremy Roenick
17%
NHL 2K8Jason Spezza
0%
NHL 2K11Ryan Kesler
0%

Score Distribution

Percentile by Number Answered

Percent of People with Each Score

Your Score History

You have not taken this quiz